000 00338 a2200169 4500
001 182838
020 _a85-98559-43-1
040 _cMagnum
100 _aCoelho, Paulo
240 1 0 _aAs Valkírias
_lpor
245 1 0 _aAs Valkírias
300 _a191
362 0 _a2000
440 1 _aGold
697 _aLITERATURA GERAL
942 _cBK
999 _c182838
_d182838